[Event "Titled Tuesday intern op 08th June"]
[Site "Chess.com INT"]
[Date "2021.06.08"]
[Round "4"]
[White "Benkovic, Petar"]
[Black "Yanchenko, Roman"]
[Result "0-1"]
[WhiteElo "2398"]
[BlackElo "2467"]
[PlyCount "100"]
[EventDate "2021.06.08"]
[EventType "swiss (blitz)"]
[EventRounds "11"]
[EventCountry "USA"]
[SourceTitle "CBM 202 Extra"]
[Source "ChessBase"]
[SourceDate "2021.07.31"]
[SourceVersion "1"]
[SourceVersionDate "2021.07.31"]
[SourceQuality "1"]

1. Nf3 d5 2. d4 Nf6 3. c4 c6 4. Nbd2 Bf5 5. Nh4 Bg6 6. Qb3 Qb6 7. Qh3 e6 8. Nxg6 fxg6 9. Qxe6+ Be7 10. c5 Qc7 11. Nf3 Qd7 12. Qxd7+ Nbxd7 13. Ng5 b6 14. cxb6 axb6 15. Bd2 c5 16. e3 h6 17. Ne6 Kf7 18. Nc7 Rac8 19. Nb5 Ne4 20. Bd3 Ndf6 21. f3 Nxd2 22. Kxd2 cxd4 23. Nxd4 Bb4+ 24. Ke2 Rhe8 25. Rac1 Bc5 26. Kf2 Ra8 27. a3 g5 28. Bb5 Re5 29. Rc3 g4 30. Nc6 Re6 31. b4 gxf3 32. gxf3 Bd6 33. Nd4 Re5 34. Rc6 Bf8 35. Rc7+ Kg8 36. Rc3 Rh5 37. Ne6 Bd6 38. h3 Rf5 39. Ke2 Re5 40. Nd4 Rg5 41. Kf2 Bg3+ 42. Ke2 Bd6 43. Rf1 Rg3 44. Rc6 Be5 45. Nf5 Rxh3 46. Re6 Bc3 47. Rg1 Rh2+ 48. Kd3 Rxa3 49. Rxg7+ Kh8 50. Re8+ Nxe8 0-1